| 000 | 00370nam a2200145Ia 4500 | ||
|---|---|---|---|
| 008 | 150201s1996 xx 000 0 und d | ||
| 082 |
_a617.6 _bN1996G |
||
| 100 | _aGOPALAN | ||
| 245 | _aNUTRITION RESEARCH IN SOUTH EAST ASIA | ||
| 250 | _a1ST | ||
| 260 |
_bA.I.T.B.S _aDELHI _c1996 |
||
| 300 | _a1-134 | ||
| 650 | _aPREVENTIVE AND COMMUNITY DENTISTRY | ||
| 942 |
_2ddc _cBK |
||
| 999 |
_c4178 _d4178 |
||